| 000 | 00606cam a22002171 4500 | ||
|---|---|---|---|
| 001 | he 68000841 | ||
| 003 | DLC | ||
| 005 | 20260227111455.0 | ||
| 008 | 780623s1965 is 000 0 spa | ||
| 010 | _ahe 68000841 | ||
| 025 | _aPL480:Is-6080 | ||
| 035 | _a(OCoLC)3998318 | ||
| 040 |
_aDLC _cMH _dDLC |
||
| 042 | _apremarc | ||
| 050 | 0 | 0 |
_aDS149 _b.T9 |
| 100 | 1 |
_aTsur, Jacob, _d1906- |
|
| 245 | 1 | 3 |
_aEl sionismo; _bmovimiento de liberación nacional. |
| 260 |
_a[Jerusalén] _bCentro de Información de Israel para América Latina _c[1965] |
||
| 300 |
_a71 p. _c19 cm. |
||
| 650 | 0 |
_aZionism _xHistory. |
|
| 999 |
_c33108 _d33108 |
||